Countries with the highest population - Statistics

General Stats
  • This quiz has been taken 12 times
  • The average score is 14 of 15
Answer Stats
Hint Answer % Correct
South America Brazil
100%
Asia China
100%
Africa Democratic Republic of the Congo
100%
Asia India
100%
North America Mexico
100%
Africa Nigeria
100%
Asia Pakistan
100%
Europe Russia
100%
North America USA
100%
Africa Egypt
92%
Asia Indonesia
92%
Asia Bangladesh
83%
Africa Ethiopia
83%
Asia Japan
83%
Asia Philippines
83%
No matching quizzes found
Score Distribution
Percent of People with Each Score
Percentile by Number Answered
Your Score History
You have not taken this quiz